Principles of sequence stratigraphy

Saved in:
Bibliographic Details
Main Author: Catuneanu, Octavian 1962-
Format: Book
Language:English
Published: Amsterdam : Elsevier, 2006
Edition:1st ed.
Series:Developments in sedimentology ; ; 58
Subjects:
Tags: Add Tag
No Tags, Be the first to tag this record!

MARC

LEADER 00000nam a2200000 i 4500
001 1/95306
008 081014s2006 eng d
020 |a 978-0-444-51568-1 
020 |a 0-444-51568-2 
035 |l 10100833 
040 |a GR-MY-UA  |b gre  |e aacr 
041 0 |a eng 
082 0 |a 551.7  |2 (22) 
100 1 |a Catuneanu, Octavian  |d 1962- 
245 1 0 |a Principles of sequence stratigraphy /  |c Octavian Catuneanu 
250 |a 1st ed. 
260 |a Amsterdam :   |b Elsevier,   |c 2006 
300 |a Amsterdam;  |b Elsevier;  |c 2006 
490 1 |a Developments in sedimentology  |v ; 58 
504 |a Βιβλιογραφία: σ. 345-360 
504 |a Ευρετήρια: σ. 361-375 
650 0 0 |a Sequence stratigraphy. 
830 0 |a Developments in sedimentology ;  |v ; 58 
852 |a INST  |b LESVOS  |e 20081014  |h 551.7 CAT  |p 005100043254  |q 005100043254  |t BK  |y 0 
901 |a BIBL1-2008-3 
909 |a Λ  |b 145107 
922 |a 1ΕΛΗ  |b 200801  |c ΕΠΕΑΕΚ2/ΤΕΘ  |d ΕΛΕΥΘΕΡΟΥΔΑΚΗΣ 
970 |a ΚΑΡΑ  |b ΓΙΑΣΕΜΗ  |z 2008/10/14